Cricket: Most Individual Career Test Caps - Statistics

General Stats
  • This quiz has been taken 16 times
  • The average score is 18 of 20
Answer Stats
Country Career Years Caps Answer % Correct
SA 1995-2013 166 Jacques Kallis
100%
ENG 2003-2021* 168* James Anderson
100%
SL 1997-2014 149 Mahela Jayawardene
100%
IND 1996-2012 164 Rahul Dravid
100%
AUS 1995-2012 168 Ricky Ponting
100%
IND 1989-2013 200 Sachin Tendulkar
100%
AUS 1992-2007 145 Shane Warne
100%
WI 1994-2015 164 Shivnarine Chanderpaul
100%
AUS 1978-1994 156 Allan Border
93%
IND 1990-2008 132 Anil Kumble
93%
SL 2000-2015 134 Kumar Sangakkara
93%
ENG 2006-2019 161 Sir Alastair Cook
93%
AUS 1985-2004 168 Steve Waugh
93%
ENG 2007-2021* 150* Stuart Broad
93%
WI 1984-2001 132 Courtney Walsh
79%
IND 1978-1994 131 Kapil Dev
79%
SL 1992-2010 133 Muttiah Muralitharan
79%
IND 1996-2012 134 VVS Laxman
71%
ENG 1990-2003 133 Alec Stewart
57%
SA 1997-2012 147 Mark Boucher
50%
No matching quizzes found
Score Distribution
Percent of People with Each Score
Percentile by Number Answered
Your Score History
You have not taken this quiz